000 004870000a22001930004500
003 LK-CoMWRAF
005 20231018114900.0
008 230817t ||||| |||| 00| 0 eng d
040 _aLK-CoMWRAF
_dLK-CoMWRAF
_eLK-CoMWRAF
041 _aeng
082 _a891.44
_bTAG
100 _aTagore, Rabindranath
245 _aSelected poems
260 _bPenguin Book
_c1985
300 _ap.202
650 _aPoetry
650 _aRabindranath Tagore--Translations into English
942 _cBK
999 _c2154
_d2154